Promising rituals : (Record no. 66966)

MARC details
000 -LEADER
fixed length control field 00844nam a22002297a 4500
005 - DATE AND TIME OF LATEST TRANSACTION
control field 20130403150211.0
010 ## - LCCN (DPL NO)
LC control number ENG-105336
020 ## - INTERNATIONAL STANDARD BOOK NUMBER
International Standard Book Number 9780415625852
Terms of availability 795.00
035 ## - SYSTEM CONTROL NUMBER
System control number EN-88869
035 ## - SYSTEM CONTROL NUMBER
System control number B-491655
037 ## - SOURCE OF ACQUISITION
Source of stock number/acquisition DBAD/PUB
037 ## - SOURCE OF ACQUISITION
Source of stock number/acquisition Prakshan Sansthan/Ven
082 ## - DEWEY DECIMAL CLASSIFICATION NUMBER
Classification number 230.64
100 ## - MAIN ENTRY--PERSONAL NAME
Personal name Hauser, Beatrix
245 ## - TITLE STATEMENT
Title Promising rituals :
Statement of responsibility, etc edited by Satish Kumar
Remainder of title gender and perormativity in Eastern India /
260 ## - PUBLICATION, DISTRIBUTION, ETC. (IMPRINT)
Place of publication, distribution, etc New Delhi
Name of publisher, distributor, etc Routledge
Date of publication, distribution, etc 2012
270 ## - ADDRESS
Address 912 Tolstoy House,15-17 Tolstoy Marg,Cannaught Place,
City New Delhi
Postal code 110001
300 ## - PHYSICAL DESCRIPTION
Extent xxi,277p.
Dimensions 22cm (Hb)
Other physical details ill
500 ## - GENERAL NOTE
General note Includes bibliographical references and index
942 ## - ADDED ENTRY ELEMENTS (KOHA)
Source of classification or shelving scheme Dewey Decimal Classification
Item type English Books
Call number suffix HAU
Classification part 230.64
Holdings
Withdrawn status Lost status Not for loan Collection code Home library Current library Date acquired Source of acquisition Cost, normal purchase price Full call number Barcode Copy number Cost, replacement price Koha item type
    Not For Loan Non-fiction D.B.Act.Division D.B.Act.Division 21/05/2012 DBAD / PUB 795.00 HAU EN-88869 1 795.00 English Books
      Non-fiction Patel Nagar Patel Nagar 03/04/2013 Prakashan Sansthan/411/11.01.2013/126/18.12.2012/18.01.2013 795.00 230.64 HAU B-491655 1 795.00 English Books

© Delhi Public Library
Hit Counter
free hit counter